| 000 | 01011nam a22003257a 4500 | ||
|---|---|---|---|
| 003 | CHAP | ||
| 005 | 20220817042136.0 | ||
| 008 | 971013s1966 r 00010 d | ||
| 010 | _a35911 | ||
| 011 | _a36883 | ||
| 035 | _a41002 | ||
| 040 | _cCHAP | ||
| 082 |
_a338.14 _bF29 |
||
| 110 | _aFAO | ||
| 245 | _aCreación y funcionamiento de las juntas de mercadeo agrícola | ||
| 260 |
_aRoma : _bFAO, _c1966 |
||
| 300 |
_a291 p. _b: ilus. |
||
| 490 |
_aFAO. Guía de mercadeo _v; 5 |
||
| 590 |
_aBATCH-UPD _b10 _c20130110 _lUCH01 _h1832 |
||
| 590 |
_aBATCH-UPD _b10 _c20130410 _lUCH01 _h1204 |
||
| 590 |
_aBATCH-UPD _b10 _c20130914 _lUCH01 _h1939 |
||
| 590 |
_aCONVERSION _b10 _c20130109 _lUCH01 _h1320 |
||
| 650 | 1 | 4 |
_aProductos agrícolas _xMercadeo. _991951 |
| 700 | 0 |
_aAbbott, John Cane. _9165 |
|
| 830 | 0 |
_aFAO. Guía de mercadeo _v; 5 _939580 |
|
| 901 | _aBK | ||
| 942 | _cLIBRO | ||
| 949 |
_a338.14 F29 _bBC _cFAO _d-93871 _eFAO1 _i41002 _si |
||
| 949 |
_a338.14 F29 _bBC _cFAO _d-93873 _eFAO2 _fc.2 _h12386 _i41002 _si |
||
| 999 |
_c35911 _d35911 |
||